000 00624nam a2200229Ia 4500
003 OSt
005 20220918191225.0
006 a|||||r|||| 00| 0
007 ta
008 220917b |||||||| |||| 00| 0 eng d
024 _a62,103
037 _cTextual
040 _aARTS
_cARTS
_beng
041 _2eng
_aeng
082 _aRg, N63 (FAL/RR)
245 0 _aBlackwell companion to philosophy ed by Nicholas Bunnin and E P Tsuijames
260 _aOxford
_bBlackwell
_c1996
300 _axiv,786p.
_ccm.
650 _aPHILOSOPHY
942 _hRg, N63 (FAL/RR)
_cTEXL
_2CC
999 _c188825
_d188825